000 00667nam a22002057a 4500
005 20111005101750.0
010 _aG-001711
020 _c100.00
_a8186849440
035 1 d _aG-001711
037 _bGift
082 _aS
100 _aJai Ratan
_935243
245 E _aThe angry goddess /
_cby Jai Ratan
260 _aDelhi
_bAsia Publishers
_c2009
270 _aA-36, Chetak Apartments, Sector-9, Rohini
_bDelhi
_e110085
300 _a64p.
_c22cm(Hb)
942 _2ddc
_cCH
_hS
_mJAI
999 _c57296
_d57296